|
|
|
|
| LEADER |
00000nab a2200000 a 4500 |
| 001 |
vtls008889094 |
| 003 |
SK-MaSNL |
| 005 |
20260304144512.0 |
| 008 |
250505c2004 xo mr|p|||||||000 b|slo |
| 015 |
|
|
|a SNBRB2006/12
|2 snkbucl
|
| 035 |
|
|
|a (uuid)a7aded00-ce47-4c01-83b7-2769b8a2e23e
|
| 035 |
|
|
|a urn:nbn:sk:snk-ab2znh
|
| 035 |
|
|
|a (urnnbn)urn:nbn:sk:snk:ar-a049xm
|
| 038 |
|
|
|a SNKBUCL
|
| 040 |
|
|
|a SNKBUCL
|b slo
|c SNKBUCL
|e AACR2
|
| 041 |
0 |
|
|a slo
|
| 044 |
|
|
|a xo
|c SK
|
| 080 |
|
|
|a 658.114.2/.6
|2 1997
|
| 080 |
|
|
|a 349:658.114.2/.6
|2 1997
|
| 100 |
1 |
|
|a Kopál, Ladislav
|4 aut
|9 301042
|
| 245 |
1 |
0 |
|a Prevádzkareň v úprave Živnostenského zákona a súvisiacich predpisoch
|b 2. časť: Trhové miesto a osobitné informácie k problematike prevádzkarní
|c Ladislav Kopál
|
| 650 |
0 |
7 |
|a živnostenský zákon
|x úprava
|2 snkbucl
|9 1451393
|
| 650 |
0 |
7 |
|a trhové miesta
|x prevádzkarne
|2 snkbucl
|9 1466122
|
| 773 |
0 |
|
|t Obchodné právo
|g Roč. V., č. 3 (2004), s. 3-12
|x 1335-6674
|
| 850 |
|
|
|a Slovenská národná knižnica
|
| 852 |
|
|
|a Slovenská národná knižnica
|
| 954 |
|
|
|a odborná, vedecká literatúra pôvodná (slovenská)
|2 lita
|
| 958 |
|
|
|a article2022
|
| 958 |
|
|
|a OND
|
| 958 |
|
|
|a EUIPO
|
| 999 |
|
|
|c 2931724
|d 2933654
|